Contemporary museum architecture and design : theory and practice of place (Record no. 9564)
[ view plain ]
| 000 -LEADER | |
|---|---|
| fixed length control field | 00354nam a22001337a 4500 |
| 003 - CONTROL NUMBER IDENTIFIER | |
| control field | OSt |
| 005 - DATE AND TIME OF LATEST TRANSACTION | |
| control field | 20210705102604.0 |
| 008 - FIXED-LENGTH DATA ELEMENTS--GENERAL INFORMATION | |
| fixed length control field | 210705b ||||| |||| 00| 0 eng d |
| 020 ## - INTERNATIONAL STANDARD BOOK NUMBER | |
| International Standard Book Number | 9780367075248 |
| 082 ## - DEWEY DECIMAL CLASSIFICATION NUMBER | |
| Classification number | 727.6 |
| Item number | LIN |
| 100 ## - MAIN ENTRY--PERSONAL NAME | |
| Personal name | Lindsay, Georgia |
| 245 ## - TITLE STATEMENT | |
| Title | Contemporary museum architecture and design : theory and practice of place |
| 942 ## - ADDED ENTRY ELEMENTS (KOHA) | |
| Source of classification or shelving scheme | |
| Withdrawn status | Lost status | Source of classification or shelving scheme | Damaged status | Koha normalized classification for sorting | Not for loan | Permanent location | Current location | Date acquired | Total Checkouts | Total Renewals | Full call number | Barcode | Checked out | Date last seen | Date last borrowed | Price effective from | Koha item type |
|---|---|---|---|---|---|---|---|---|---|---|---|---|---|---|---|---|---|
| 727_600000000000000_LIN | BMS College of Architecture, Design and Planning | BMS College of Architecture, Design and Planning | 2021-07-05 | 3 | 1 | 727.6 LIN | AR-RD127 | 2025-10-08 | 2025-09-08 | 2025-09-08 | 2021-07-05 | R&D Books |